-
PANDEY,S.N AND SINHA, B.K
Entry Personal Name
Number of records used in: 1
001 - CONTROL NUMBER
003 - CONTROL NUMBER IDENTIFIER
005 - DATE AND TIME OF LATEST TRANSACTION
- control field:
20231220111525.0
008 - FIXED-LENGTH DATA ELEMENTS
- fixed length control field:
231220|| aca||aabn | a|a d
040 ## - CATALOGING SOURCE
- Original cataloging agency:
JRU
- Transcribing agency:
JRU
100 ## - HEADING--PERSONAL NAME
- Personal name:
PANDEY,S.N AND SINHA, B.K
670 ## - SOURCE DATA FOUND
- Source citation:
Work cat.: (JRU)5405: PANDEY,S.N AND SINHA, B.K, PLANT PHYSIOLOGY, 2005